Optics / (Record no. 8966)
[ view plain ]
| 000 -LEADER | |
|---|---|
| fixed length control field | 00804cam a2200265 a 4500 |
| 001 - CONTROL NUMBER | |
| control field | 8966 |
| 003 - CONTROL NUMBER IDENTIFIER | |
| rucl marc code | BD-RjUL |
| 005 - DATE AND TIME OF LATEST TRANSACTION | |
| control field | 20211208234705.0 |
| 008 - FIXED-LENGTH DATA ELEMENTS--GENERAL INFORMATION | |
| fixed length control field | 142001r19881977mauaf b 001 0 eng |
| 035 ## - SYSTEM CONTROL NUMBER | |
| System control number | (OCoLC)ocn244764202 |
| System control number | (DLC)2008054008 |
| System control number | (UkLCURL)982008054008 |
| -- | (BD-RjUL)9011 |
| 040 ## - CATALOGING SOURCE | |
| Original cataloging agency | DLC |
| Transcribing agency | DLC |
| Modifying agency | BTCTA |
| -- | C#P |
| -- | BWX |
| -- | YDXCP |
| -- | DLC |
| -- | UkOxU |
| Language of cataloging | eng |
| 041 ## - LANGUAGE CODE | |
| Language code of text/sound track or separate title | eng |
| 082 00 - DEWEY DECIMAL CLASSIFICATION NUMBER | |
| Classification number | 535 |
| Edition number | 22 |
| Author mark and year | GHO |
| 090 ## - LOCALLY ASSIGNED LC-TYPE CALL NUMBER (OCLC); LOCAL CALL NUMBER (OCLC) | |
| Classification number (OCLC) (R) ; Classification number, CALL (RLIN) (NR) | LCo |
| 100 1# - MAIN ENTRY--PERSONAL NAME | |
| Personal name | Ghatak, A. K. |
| Fuller form of name | (Ajoy K.), |
| Dates associated with a name | 1939- |
| 9 (RLIN) | 27836 |
| 245 10 - TITLE STATEMENT | |
| Title | Optics / |
| Statement of responsibility, etc. | Ajoy Ghatak. |
| 260 ## - PUBLICATION, DISTRIBUTION, ETC. (IMPRINT) | |
| Place of publication, distribution, etc. | Boston : |
| Name of publisher, distributor, etc. | McGraw-Hill Higher Education, |
| Date of publication, distribution, etc. | c1977[printing1988] |
| 300 ## - PHYSICAL DESCRIPTION | |
| Pagination | xvi, 538 p., : |
| Illustrations | ill. ; |
| Size | 28 cm. |
| 504 ## - BIBLIOGRAPHY, ETC. NOTE | |
| Bibliography, etc | Includes bibliographical references and indexes. |
| 650 #0 - SUBJECT ADDED ENTRY--TOPICAL TERM | |
| Topical term or geographic name as entry element | Optics. |
| 9 (RLIN) | 27837 |
| 942 ## - ADDED ENTRY ELEMENTS (KOHA) | |
| Source of classification or shelving scheme | Dewey Decimal Classification |
| Koha item type | Books |
| Lost status | Source of classification or shelving scheme | Damaged status | Not for loan | Collection code | Permanent Location | Current Location | Shelving location | Date acquired | Source of acquisition | Cost, normal purchase price | Total Checkouts | Full call number | Date last seen | Date checked out | Copy number | Koha item type |
|---|---|---|---|---|---|---|---|---|---|---|---|---|---|---|---|---|
| Dewey Decimal Classification | Non-fiction | Central Library, University of Rajshahi | Central Library, University of Rajshahi | 29/04/1989 | Karim International | 3.51 | 4 | 535 GHO 1988 | 25/05/2017 | 05/04/2016 | C-6 | Books | ||||
| Dewey Decimal Classification | Non-fiction | Central Library, University of Rajshahi | Central Library, University of Rajshahi | 03/08/2015 | 2 | 535 GHO 1988 | 22/10/2016 | 03/10/2016 | C-2 | Books | ||||||
| Dewey Decimal Classification | Non-fiction | Central Library, University of Rajshahi | Central Library, University of Rajshahi | 03/08/2015 | 1 | 535 GHO 1988 | 17/08/2016 | 27/07/2016 | C-3 | Books | ||||||
| Dewey Decimal Classification | Not For Loan | Non-fiction | Central Library, University of Rajshahi | Central Library, University of Rajshahi | Reading Room | 18/07/1983 | Aligarh library, Rajshahi | 117.00 | 535 GHO 1988 | 03/04/2017 | C-1 | Books | ||||
| Dewey Decimal Classification | Non-fiction | Central Library, University of Rajshahi | Central Library, University of Rajshahi | 18/07/1983 | Aligarh library, Rajshahi | 535 GHO 1988 | 09/05/2017 | C-4 | Books | |||||||
| Dewey Decimal Classification | Non-fiction | Central Library, University of Rajshahi | Central Library, University of Rajshahi | 18/07/1983 | Aligarh library, Rajshahi | 535 GHO 1988 | 09/05/2017 | C-5 | Books | |||||||
| Dewey Decimal Classification | Non-fiction | Central Library, University of Rajshahi | Central Library, University of Rajshahi | 29/04/1989 | Karim Int. | 51.00 | 535 GHO 1988 | 11/05/2017 | C-7 | Books | ||||||
| Dewey Decimal Classification | Non-fiction | Central Library, University of Rajshahi | Central Library, University of Rajshahi | 18/07/1983 | Karim Int. | 51.00 | 535 GHO 1977 | 11/05/2017 | C-8 | Books |